000 01045cam a22001814a 4500
005 20250605164347.0
008 250528s ||||||||||||||||||||||||d
035 _a23942
040 _aGR-AtMCL
_bgre
_dGR-AtMCL
_eAACR2
245 1 _aΗ 4η Βιομηχανική Επανάσταση μας Βρίσκει να Οδηγούμε τις Εξελίξεις / Generation Y
260 _c2019
520 _aΤραπεζική Καινοτομία: E-Payments σε Πραγματικό Χρόνο, Το Μέλλον είναι Visual και High Tech, Purposeful Καμπάνιες και Έμφαση στην Καινοτομία, Οι Τοπικές Αγορές Χρειάζονται Τοπικές Καμπάνιες, Απόλυτη Κυριαρχία των Ψηφιακών ΜΜΕ στον Τομέα της Ενημέρωσης, Η Γραμμή Βάσης για Κάθε Προϊόν.
700 1 _aΑντωνόπουλος Φώτης
_99355
942 _cCR
710 2 _aMarketing Week
_99824
999 _c8855
_d8855